000 01124nam0a22002771 4500
001 rc\2853599
005 20250529204948.0
035 _a(NLR Aleph) 007008341
090 _a5788955
_c5788955
100 _a20110706d1929 |||y0rusy50 ca
101 0 _arus
102 _aRU
105 _ay z |||||
200 1 _aСамсон и Далила
_eОпера в 3-х действиях
_fМузыка К. Сен-Санса
_gТекст Фернанда Лемара
_gКраткое содержание и музыкальный обзор Н. Радновой ...
_g[Тифлисский государственный академ. театр]
210 _a[Тифлис]
_cБ. и.
_d[1929]
215 _a24 с.
_d15 см
300 _aНа обл. загл. "Либретто"
512 0 0 _aЛибретто
702 1 _4230
_7ca
_8rus
_aСен-Санс
_bК.
_f1835-1921
_gКамиль
_9229465
_3RU\NLR\AUTH\770229521
702 1 _aЛемар
_bФ.
_gФернанд
_4570
702 1 _aРаднова
_bН.
_4570
801 0 _aRU
_bNLR
_gpsbo
801 1 _aRU
_bELAR
_2rusmarc
852 _aNLR
_j37.39.10.79
942 _cBOOK
980 _aNB